(Trochu) menej hmly vo verejnom obstarávaní

Z pripravovaného nového zákona o verejnom obstarávaní. Zostáva možnosť uprednostnenia niektorých uchádzačov. Nedostatočné kontrolné mechanizmy verejného obstarávania. Novinkou je zavedenie kaucie pri podaní námietky proti výsledkom súťaže. V podstate verejné obstarávanie funguje na Slovensku dobre,...

Descrizione completa

Salvato in:
Dettagli Bibliografici
Autore principale: Marčan, Peter
Altri autori: Čikovský, Konštantín
Natura: Capitolo di libro
Lingua:slovacco
Soggetti:
Tags: Aggiungi Tag
Nessun Tag, puoi essere il primo ad aggiungerne!!

MARC

LEADER 00000naa$a2200000$$$4500
001 0036992
005 20231009082208.8
041 0 |a slo 
044 |a SK 
245 1 0 |a (Trochu) menej hmly vo verejnom obstarávaní  |c Peter Marčan, Konštantín Čikovský 
520 |a Z pripravovaného nového zákona o verejnom obstarávaní. Zostáva možnosť uprednostnenia niektorých uchádzačov. Nedostatočné kontrolné mechanizmy verejného obstarávania. Novinkou je zavedenie kaucie pri podaní námietky proti výsledkom súťaže. V podstate verejné obstarávanie funguje na Slovensku dobre, len obstarávatelia by sa mali na súťaže lepšie pripravovať. Ak zákon bude prijatý, rokovacie konania bez zverejnenia by mali byť len v prípade "mimoriadnej udalosti". 
610 2 0 |a obstarávanie verejné 
610 2 0 |a súťaže 
610 2 0 |a zákony 
610 2 0 |a kontrola 
610 2 0 |a záruka 
610 2 0 |a peniaze 
100 1 |a Marčan, Peter 
700 1 |a Čikovský, Konštantín